Powiaty o identycznych nazwach - Statystyki

Ogólne statystyki
  • Ten quiz został rozwiązany 29 razy
  • Średni wynik to 8 z 10
Statystyki odpowiedzi
Województwa Powiat % Poprawnych
LubelskieOpolskie Opolski
90%
LubelskieŁódzkie Tomaszowski
90%
MałopolskieOpolskie Brzeski
86%
LubuskiePodkarpackie Krośnieński
86%
MazowieckiePomorskie Nowodworski
86%
Podlaskie Śląskie Bielski
83%
DolnośląskieWielkopolskie Średzki
76%
DolnośląskieLubelskie Świdnicki
76%
MazowieckieWielkopolskie Ostrowski
72%
MazowieckieWielkopolskie Grodziski
62%
Nie znaleziono quizów pasujących do podanych kryteriów
Rozkład punktacji
Procent ludzi z każdym wynikiem
Percentyl według liczby udzielonych odpowiedzi
Twoja historia wyników
Nie rozwiązałeś tego quizu